Movies Quiz

Random Movies or Director Quiz

Name the Horror Director II: The Return Quiz Stats

 Plays Quiz not verified by Sporcle

Challenge
Share
Tweet
Embed
Score 0/15 Timer 04:00
0 Plays Today
Film Director % Correct
AlienRidley Scott
100%
Death ProofQuentin Tarantino
96.7%
HostelEli Roth
95.6%
Planet Terror Robert Rodriguez
93.3%
Bad TastePeter Jackson
91.1%
The Sixth SenseM. Night Shyamalan
80%
Shaun of the DeadEdgar Wright
72.2%
SawJames Wan
71.1%
Film Director % Correct
Cabin in the Woods Drew Goddard
50%
CloverfieldMatt Reeves
40%
The Blair Witch ProjectDaniel Myrick and Eduardo Sanchez
38.9%
[rec]Jaume Balaguero and Paco Plaza
28.9%
Dust DevilRichard Stanley
18.9%
Trick 'r TreatMichael Dougherty
16.7%
The BurningTony Maylam
14.4%

You're not logged in!

Compare scores with friends on all Sporcle quizzes.
Join for Free
OR
Log In

You Might Also Like...

Show Comments

Extras

Top Quizzes Today


Score Distribution

Your Account Isn't Verified!

In order to create a playlist on Sporcle, you need to verify the email address you used during registration. Go to your Sporcle Settings to finish the process.

Report this User

Report this user for behavior that violates our Community Guidelines.

Details: